01837nam a2200349 a 450000100100000000500170001000800410002702000150006804000250008308200240010810000430013224500990017525000110027426000450028530000280033050000520035850000420041050400320045265100420048465100660052665000390059265100530063165100540068470000390073891000390077795201360081695201360095295201360108895201210122495201270134599900150147200000305220250621074004.0090706s2005 dr a 000 0 spa d z999344510X aDO-SdBNPbspacBNPHU a972.93bD542f, 20051 aDíaz, Nelson Enríque,d1950-9964610aFundamentos de la historia social dominicana /cNelson Enríquez Díaz, Silverio González. a3a ed. aSanto Domingo :bEditorial Surco,c2005. a428 p. :bil. ;c24 cm. aIncluye ejercicios al final de los capítulos. aIncluye notas al pie de las páginas aBibliografía : p. 423-428 4aRepública DominicanaxHistoria9170 4aRepública DominicanaxHistoriaxEstudio Y Enseñanza99647 4aCiencias sociales e historia99648 4aRepública DominicanaxCondiciones Sociales946 0aRepública DominicanaxPolítica y gobierno9451 aGonzález, Silverio,d1957-99649 aValidado. Control de calidad BNPHU 001054708DSaGRbGRcHDd2009-07-06iLF1l0o972.93 D542f, 2005p3052-30r2020-06-25te. 3w2020-06-25yLFDSZPréstamo en sala 001054708DSaGRbGRcHDd2009-07-22iLF1l0o972.93 D542f, 2005p3052-40r2020-06-25te. 4w2020-06-25yLFDSZPréstamo en sala 001052708DSaGRbGRcHDd2010-09-20iLF1l0o972.93 D542f, 2005p3052-50r2020-06-25te. 5w2020-06-25yLFDSZPréstamo interno 0010718PDaPDbPDcHDd2009-07-06iLF1l0o972.93 D542f, 2005p3052-10r2020-06-25w2020-06-25yLFPDZNo se presta 0010718PDaPDbPDcHDd2009-07-06iLF1l0o972.93 D542f, 2005p3052-20r2020-06-25te. 2w2020-06-25yLFPDZNo se presta c2883d2883